00628nam a2200205Ia 450000500170000000800410001702000150005808200210007324500370009426000670013130000180019865000100021665000130022665000210023965000230026070000210028394200060030495200970031099900150040720250219011608.0240331s9999 xx 000 0 und d a0566057255 bWIE26397a305.4 0aWomen's Struggles and Strategies aAldershot;aBrookfieldbGower Publishing Company Limitedc1988 aviii, 159 p., aWomen aFeminism aWomen's Movement aWomen's Liberation aWieringa, Seedt cL 001040708LaWERCLbWERCLcSSCd2024-03-31l0o 305.4 WOMp6397r2024-03-31w2024-03-31yL c4494d4494